[Event "EWICC 2019"]
[Site "Antalya"]
[Date "2019.04.13"]
[Round "3.39"]
[White "Sandu, Mihaela"]
[Black "Sade, Defne"]
[Result "1-0"]
[WhiteElo "2278"]
[BlackElo "2013"]
[Annotator "NA"]
[PlyCount "67"]
[EventDate "2019.04.11"]
[EventType "swiss"]
[EventCountry "TUR"]
[SourceTitle "playchess.com"]
[Source "ChessBase"]
[SourceQuality "1"]

1. e4 e5 2. Nf3 Nc6 3. Bc4 Bc5 4. c3 Nf6 5. d3 a6 6. Nbd2 d6 7. Bb3 Ba7 8. O-O O-O 9. h3 h6 10. Re1 Nh5 11. Nf1 Qf6 12. Be3 Nf4 13. Ng3 Be6 14. Bxf4 exf4 15. Nh5 Qg6 16. Nxf4 Qg3 17. Nxe6 Bxf2+ 18. Kh1 fxe6 19. Bxe6+ Kh8 20. Rf1 Rf6 21. Qe2 Ba7 22. Bd5 Raf8 23. Bxc6 bxc6 24. d4 Rf4 25. e5 c5 26. e6 cxd4 27. cxd4 Re8 28. d5 Qg6 29. Rae1 Qf5 30. Nh4 Rxf1+ 31. Rxf1 Qxd5 32. Ng6+ Kh7 33. Qc2 Kg8 34. Rf8+ 1-0

[Event "EWICC 2019"]
[Site "Antalya"]
[Date "2019.04.13"]
[Round "3.40"]
[White "Hereklioglu, Sude"]
[Black "Fataliyeva, Ulviyya"]
[Result "0-1"]
[WhiteElo "1948"]
[BlackElo "2266"]
[Annotator "NA"]
[PlyCount "80"]
[EventDate "2019.04.11"]
[EventType "swiss"]
[EventCountry "TUR"]
[SourceTitle "playchess.com"]
[Source "ChessBase"]
[SourceQuality "1"]

1. d4 d5 2. Bf4 Nf6 3. e3 e6 4. Bd3 c5 5. c3 Bd6 6. Bg3 O-O 7. Nd2 Qc7 8. Rc1 Nbd7 9. Bxd6 Qxd6 10. f4 b6 11. Ngf3 Bb7 12. Ng5 e5 13. O-O e4 14. Bb5 Rac8 15. Qe2 Nb8 16. a3 Rc7 17. f5 cxd4 18. exd4 Re7 19. Nh3 Bc6 20. a4 Bb7 21. Qe3 Qxh2+ 22. Kxh2 Ng4+ 23. Kg1 Nxe3 24. Rf4 a6 25. Be2 f6 26. c4 Nc6 27. Rc3 Nxf5 28. cxd5 Ncxd4 29. Bc4 Nd6 30. Re3 Nxc4 31. Nxc4 Bxd5 32. Nxb6 Bc6 33. Nf2 f5 34. Nd3 g5 35. Rf1 Rb7 36. Ne5 Rxb6 37. Rd1 Rd8 38. Rc1 Bxa4 39. Rc7 Nb5 40. Re7 Rd1+ 0-1

[Event "EWICC 2019"]
[Site "Antalya"]
[Date "2019.04.13"]
[Round "3.41"]
[White "Pintor, Ariana"]
[Black "Olsarova, Karolina"]
[Result "0-1"]
[WhiteElo "1918"]
[BlackElo "2264"]
[Annotator "TA"]
[PlyCount "81"]
[EventDate "2019.04.11"]
[EventType "swiss"]
[EventCountry "TUR"]
[SourceTitle "playchess.com"]
[Source "ChessBase"]
[SourceQuality "1"]

1. e4 e5 2. Nf3 Nc6 3. Bb5 a6 4. Bxc6 dxc6 5. O-O Qf6 6. d4 exd4 7. Qxd4 Qxd4 8. Nxd4 Bd7 9. Bf4 O-O-O 10. Nc3 Ne7 11. Bg3 Ng6 12. Rfd1 Bc5 13. Nce2 Rhe8 14. f3 f5 15. exf5 Rxe2 16. fxg6 Rxc2 17. b4 Bxd4+ 18. Rxd4 hxg6 19. Rad1 c5 20. Rd5 cxb4 21. Bh4 c6 22. Rd6 Rh8 23. Bf2 Rxf2 24. Kxf2 Bf5 25. h3 Rf8 26. Ke3 Kc7 27. g4 Re8+ 28. Kf4 Be6 29. R6d4 a5 30. R1d2 Bd5 31. Kg5 Re6 32. f4 Kd6 33. h4 Kc5 34. R4d3 a4 35. Rc2+ Kb5 36. Rb2 Kc4 37. Rh3 c5 38. h5 gxh5 39. gxh5 Rh6 40. Re3 b6 41. Rd2 0-1

[Event "EWICC 2019"]
[Site "Antalya"]
[Date "2019.04.13"]
[Round "3.42"]
[White "Koljevic, Nikolina"]
[Black "Mamedjarova, Turkan"]
[Result "1-0"]
[WhiteElo "1917"]
[BlackElo "2256"]
[Annotator "NA"]
[PlyCount "73"]
[EventDate "2019.04.11"]
[EventType "swiss"]
[EventCountry "TUR"]
[SourceTitle "playchess.com"]
[Source "ChessBase"]
[SourceQuality "1"]

1. e4 e6 2. d4 d5 3. Nd2 Nc6 4. Ngf3 Nf6 5. e5 Ng4 6. Be2 Bd7 7. O-O f6 8. exf6 Qxf6 9. Nb3 Nh6 10. Re1 Nf7 11. Bb5 Bd6 12. c4 O-O 13. c5 Be7 14. Na5 Rab8 15. Qa4 Nfd8 16. Bg5 Qf7 17. Be3 a6 18. Be2 Bf6 19. Nxc6 Nxc6 20. Qc2 e5 21. dxe5 Nxe5 22. Rad1 Nxf3+ 23. Bxf3 c6 24. b4 g5 25. Be2 Be5 26. g3 d4 27. Bc4 Be6 28. Bxe6 Qxe6 29. Bxd4 Rf5 30. Bxe5 Rxe5 31. Rxe5 Qxe5 32. Rd7 Qe1+ 33. Kg2 Qe6 34. Qxh7+ Kf8 35. Qh8+ Qg8 36. Qf6+ Ke8 37. Qe7# 1-0

[Event "EWICC 2019"]
[Site "Antalya"]
[Date "2019.04.13"]
[Round "3.43"]
[White "Socko, Monika"]
[Black "Aydin, Gulenay"]
[Result "0-1"]
[WhiteElo "2447"]
[BlackElo "1936"]
[Annotator "TA"]
[PlyCount "46"]
[EventDate "2019.04.11"]
[EventType "swiss"]
[EventCountry "TUR"]
[SourceTitle "playchess.com"]
[Source "ChessBase"]
[SourceQuality "1"]

1. e4 e5 2. Nf3 Nc6 3. d4 exd4 4. Nxd4 Bc5 5. Be3 Qf6 6. c3 Nge7 7. Bc4 Ne5 8. Be2 d6 9. O-O Qg6 10. f3 O-O 11. Kh1 d5 12. Nd2 dxe4 13. Nxe4 Bb6 14. a4 a5 15. Qb3 Bd7 16. Nd2 c5 17. Nc2 Rad8 18. Nc4 Nxc4 19. Bxc4 Bc7 20. f4 Bc6 21. Rf2 b6 22. Re1 Nf5 23. Bb5 Be4 0-1

[Event "EWICC 2019"]
[Site "Antalya"]
[Date "2019.04.13"]
[Round "3.44"]
[White "Socko, Monika"]
[Black "Aydin, Gulenay"]
[Result "1-0"]
[WhiteElo "2447"]
[BlackElo "1936"]
[Annotator "NA RC"]
[PlyCount "93"]
[EventDate "2019.04.11"]
[EventType "swiss"]
[EventCountry "TUR"]
[SourceTitle "playchess.com"]
[Source "ChessBase"]
[SourceQuality "1"]

1. d4 Nf6 2. c4 g6 3. Nf3 Bg7 4. g3 O-O 5. Bg2 d6 6. O-O c6 7. Nc3 Qa5 8. Bd2 Qh5 9. Qb3 Na6 10. Ng5 h6 11. Bf3 Bg4 12. Qxb7 hxg5 13. Qxa6 Bxf3 14. exf3 Qxf3 15. Bxg5 Qh5 16. Bxf6 Bxf6 17. Qxc6 Kg7 18. Rad1 Rh8 19. Qg2 Qg4 20. Ne4 Rab8 21. f3 Qd7 22. Rfe1 Rhc8 23. b3 a5 24. Re3 Qa7 25. Nxf6 exf6 26. Qe2 a4 27. Re7 Qb6 28. Re3 Rc7 29. Kg2 Qa6 30. Rdd3 Qa7 31. Qc2 Ra8 32. Rd2 Rac8 33. h4 Qa6 34. Rde2 Qa7 35. Qe4 Rh8 36. Qf4 Rd7 37. Rc2 Qa6 38. b4 Qb6 39. a3 Rc8 40. h5 Rh8 41. hxg6 fxg6 42. Re6 Qd8 43. Rce2 Rf8 44. Re1 Qc7 45. c5 g5 46. Qe4 dxc5 47. bxc5 1-0

[Event "EWICC 2019"]
[Site "Antalya"]
[Date "2019.04.13"]
[Round "3.45"]
[White "Arabidze, Meri"]
[Black "Represa Perez, Mireya"]
[Result "1-0"]
[WhiteElo "2399"]
[BlackElo "2164"]
[Annotator "TA"]
[PlyCount "83"]
[EventDate "2019.04.11"]
[EventType "swiss"]
[EventCountry "TUR"]
[SourceTitle "playchess.com"]
[Source "ChessBase"]
[SourceQuality "1"]

1. d4 Nf6 2. c4 e6 3. Nf3 Bb4+ 4. Bd2 Qe7 5. g3 O-O 6. Bg2 Bxd2+ 7. Qxd2 d6 8. Nc3 a5 9. O-O Nc6 10. Rac1 e5 11. Nd5 Nxd5 12. cxd5 Nb4 13. a3 Nxd5 14. dxe5 Nb6 15. exd6 cxd6 16. Nd4 d5 17. Qf4 Rd8 18. Rc7 Rd7 19. Rfc1 g5 20. Nf5 Qf6 21. Qd4 Qxf5 22. Qxb6 Rxc7 23. Qxc7 Be6 24. Qxb7 Re8 25. h3 Qe5 26. e3 Rb8 27. Qe7 Rxb2 28. Rc8+ Kg7 29. Rh8 Rb1+ 30. Kh2 Rb8 31. Rxb8 Qxb8 32. Qxg5+ Kf8 33. Qf6 Qd6 34. f4 Qxa3 35. f5 Bd7 36. Bxd5 Be8 37. Qh8+ Ke7 38. Qe5+ Kd8 39. Qb8+ Ke7 40. f6+ Kf8 41. Qf4 Ba4 42. Qg5 1-0

[Event "EWICC 2019"]
[Site "Antalya"]
[Date "2019.04.13"]
[Round "3.46"]
[White "Zhukova, Natalia"]
[Black "Ilyuchyk, Yana"]
[Result "1-0"]
[WhiteElo "2356"]
[BlackElo "2152"]
[Annotator "NA"]
[PlyCount "83"]
[EventDate "2019.04.11"]
[EventType "swiss"]
[EventCountry "TUR"]
[SourceTitle "playchess.com"]
[Source "ChessBase"]
[SourceQuality "1"]

1. d4 Nf6 2. c4 d6 3. Nc3 Nbd7 4. e4 e5 5. Nf3 g6 6. Be2 Bg7 7. O-O O-O 8. Be3 Qe7 9. Qc2 c6 10. d5 c5 11. a3 Ng4 12. Bg5 f6 13. Bd2 f5 14. exf5 gxf5 15. Ng5 Ndf6 16. h3 Nh6 17. f4 e4 18. Nd1 Nf7 19. Nxf7 Qxf7 20. Bc3 Bh6 21. Ne3 Qg6 22. Bd1 Kf7 23. Qf2 Rg8 24. Kh2 Bf8 25. Rg1 Qh6 26. g3 Be7 27. Be2 Ng4+ 28. Bxg4 fxg4 29. h4 Bxh4 30. Kg2 Bf6 31. Rh1 Qg7 32. Bxf6 Kxf6 33. Rh5 h6 34. Rah1 Rh8 35. f5 Kf7 36. R1h4 Qd4 37. Rxh6 Rxh6 38. Rxh6 b5 39. Qe2 bxc4 40. Qxg4 Qxb2+ 41. Kh3 Kf8 42. Qh5 1-0

[Event "EWICC 2019"]
[Site "Antalya"]
[Date "2019.04.13"]
[Round "3.47"]
[White "Sieber, Fiona"]
[Black "Berke, Ana"]
[Result "0-1"]
[WhiteElo "2310"]
[BlackElo "2146"]
[Annotator "TA"]
[PlyCount "88"]
[EventDate "2019.04.11"]
[EventType "swiss"]
[EventCountry "TUR"]
[SourceTitle "playchess.com"]
[Source "ChessBase"]
[SourceQuality "1"]

1. e4 c5 2. Nc3 Nc6 3. Nge2 e6 4. d4 cxd4 5. Nxd4 Qc7 6. Be2 a6 7. O-O Nf6 8. Be3 Bb4 9. Na4 O-O 10. Nxc6 bxc6 11. Nb6 Rb8 12. Nxc8 Rfxc8 13. Bxa6 Rf8 14. Bd3 Bd6 15. f4 e5 16. f5 Rxb2 17. Kh1 Qa5 18. a4 Rb7 19. Ba6 Qxa6 20. Qxd6 Nxe4 21. Qxe5 d5 22. f6 Qe2 23. fxg7 Rd8 24. Rfe1 Qxc2 25. Bd4 c5 26. Rec1 Qd2 27. Bxc5 Rb2 28. Rg1 Nxc5 29. Rad1 Qe2 30. Qf6 Re8 31. Rdf1 Re7 32. Rf2 Qxf2 33. Qxe7 Ne6 34. a5 Kxg7 35. a6 Ra2 36. Qd6 d4 37. Qe5+ Qf6 38. Qg3+ Qg5 39. Qd3 Qe3 40. Qc4 Qa3 41. Qd5 Qxa6 42. Qe5+ f6 43. Qg3+ Kf7 44. Qh3 Ra1 0-1

[Event "EWICC 2019"]
[Site "Antalya"]
[Date "2019.04.13"]
[Round "3.48"]
[White "Yildiz Kadioglu, Betul Cemre"]
[Black "De Seroux, Camille"]
[Result "0-1"]
[WhiteElo "2281"]
[BlackElo "2151"]
[Annotator "TA"]
[PlyCount "83"]
[EventDate "2019.04.11"]
[EventType "swiss"]
[EventCountry "TUR"]
[SourceTitle "playchess.com"]
[Source "ChessBase"]
[SourceQuality "1"]

1. d4 Nf6 2. c4 c5 3. d5 b5 4. cxb5 a6 5. b6 Qxb6 6. Nc3 d6 7. e4 g6 8. Be2 Bg7 9. Nf3 Nbd7 10. O-O O-O 11. Nd2 Qc7 12. a4 Rb8 13. a5 e6 14. Nc4 Re8 15. Bf4 Ne5 16. Nxe5 dxe5 17. d6 Qa7 18. Bxe5 Rxb2 19. Rb1 Rxb1 20. Qxb1 Nd7 21. Bxg7 Kxg7 22. Na4 Qb7 23. Nb6 Qc6 24. Rd1 Bb7 25. Nxd7 Qxd7 26. e5 Rc8 27. Bc4 Qc6 28. f3 Rd8 29. Qb3 Rd7 30. Rb1 Kg8 31. Qc2 Qc8 32. Rb6 Kg7 33. Qd3 Qd8 34. Qe3 Qh4 35. Bf1 c4 36. g3 Qh5 37. Be2 Qf5 38. Bxc4 Bxf3 39. Bd3 Qh5 40. Bxa6 Bd5 41. Be2 Qf5 42. Bd3 0-1

[Event "EWICC 2019"]
[Site "Antalya"]
[Date "2019.04.13"]
[Round "3.49"]
[White "Alexanian, Nelli"]
[Black "Styazhkina, Anna"]
[Result "0-1"]
[WhiteElo "2043"]
[BlackElo "2274"]
[Annotator "TA"]
[PlyCount "85"]
[EventDate "2019.04.11"]
[EventType "swiss"]
[EventCountry "TUR"]
[SourceTitle "playchess.com"]
[Source "ChessBase"]
[SourceQuality "1"]

1. d4 d5 2. c4 c6 3. cxd5 cxd5 4. Nc3 Nf6 5. Bf4 Nc6 6. e3 a6 7. Rc1 Bg4 8. f3 Bh5 9. g4 Bg6 10. Qb3 Ra7 11. g5 Nh5 12. Nxd5 Nxf4 13. Nxf4 e6 14. h4 Bd6 15. Nge2 e5 16. Nxg6 hxg6 17. d5 Nb8 18. Bh3 Ke7 19. Kf2 Rxh4 20. Rc8 Qa5 21. Nc3 Nd7 22. Ne4 Nc5 23. Rxc5 Bxc5 24. d6+ Bxd6 25. Nxd6 Qd2+ 26. Kg3 Rxh3+ 27. Rxh3 Qxd6 28. Rh8 b5 29. Rh1 Rd7 30. Rc1 Qd2 31. Qc3 Qxc3 32. Rxc3 Rd2 33. Rc6 a5 34. Ra6 a4 35. Ra7+ Ke6 36. b4 axb3 37. axb3 Rb2 38. Ra3 b4 39. Ra6+ Kf5 40. Ra5 Rxb3 41. e4+ Kxg5 42. Rxe5+ Kf6 43. Rb5 0-1

[Event "EWICC 2019"]
[Site "Antalya"]
[Date "2019.04.13"]
[Round "3.50"]
[White "Mikadze, Miranda"]
[Black "Duran, Esma Doga"]
[Result "1-0"]
[WhiteElo "2266"]
[BlackElo "2131"]
[Annotator "TA"]
[PlyCount "84"]
[EventDate "2019.04.11"]
[EventType "swiss"]
[EventCountry "TUR"]
[SourceTitle "playchess.com"]
[Source "ChessBase"]
[SourceQuality "1"]

1. e4 e6 2. d4 d5 3. Bd3 c5 4. exd5 Qxd5 5. Nc3 Qd8 6. Nf3 Nc6 7. Be3 cxd4 8. Nxd4 Bd7 9. O-O Nf6 10. Qe2 Nxd4 11. Bxd4 Bc6 12. Bxf6 Qxf6 13. Be4 Rc8 14. Nb5 Bc5 15. b4 a6 16. Bxc6+ bxc6 17. Nc7+ Rxc7 18. bxc5 O-O 19. Qxa6 Qc3 20. Qb6 Rd7 21. Qxc6 Rd5 22. a4 Rfd8 23. h3 Rxc5 24. Qb6 Rdd5 25. a5 Rb5 26. Qa7 g5 27. a6 Ra5 28. Rab1 Qc4 29. Qb8+ Kg7 30. a7 Qa4 31. Qb2+ Qd4 32. c3 Qxa7 33. c4+ Rd4 34. Rfd1 e5 35. Rxd4 Qxd4 36. Qxd4 exd4 37. Rd1 Kf6 38. Rxd4 Ra4 39. Kh2 Ra3 40. f3 Rc3 41. h4 Kg6 42. hxg5 Kxg5 1-0

[Event "EWICC 2019"]
[Site "Antalya"]
[Date "2019.04.13"]
[Round "3.51"]
[White "Chan, Naruna"]
[Black "Kusenkova, Natallia"]
[Result "0-1"]
[WhiteElo "2004"]
[BlackElo "2211"]
[Annotator "NA"]
[PlyCount "68"]
[EventDate "2019.04.11"]
[EventType "swiss"]
[EventCountry "TUR"]
[SourceTitle "playchess.com"]
[Source "ChessBase"]
[SourceQuality "1"]

1. e4 c6 2. d4 d5 3. e5 Bf5 4. h4 Qb6 5. g4 Bd7 6. Nc3 e6 7. Na4 Qc7 8. f4 c5 9. Nxc5 Bxc5 10. dxc5 Qxc5 11. Nf3 Nc6 12. c3 f6 13. Qe2 d4 14. Bd2 dxc3 15. Bxc3 O-O-O 16. O-O-O Nge7 17. exf6 gxf6 18. Kb1 Nd5 19. Bd2 Kb8 20. Bh3 Ncb4 21. Rc1 Qb6 22. Bxb4 Nxb4 23. g5 Bb5 24. Qxe6 Bd3+ 25. Ka1 Qxe6 26. Bxe6 Nc2+ 27. Rxc2 Bxc2 28. gxf6 Be4 29. Ne5 Bxh1 30. b3 Kc7 31. f5 Rhf8 32. f7 Kd6 33. Nc4+ Ke7 34. Ne5 Bd5 0-1

[Event "EWICC 2019"]
[Site "Antalya"]
[Date "2019.04.13"]
[Round "3.52"]
[White "Chan, Naruna"]
[Black "Kusenkova, Natallia"]
[Result "1/2-1/2"]
[WhiteElo "2004"]
[BlackElo "2211"]
[Annotator "TA"]
[PlyCount "85"]
[EventDate "2019.04.11"]
[EventType "swiss"]
[EventCountry "TUR"]
[SourceTitle "playchess.com"]
[Source "ChessBase"]
[SourceQuality "1"]

1. d4 d5 2. c4 e6 3. Nc3 a6 4. cxd5 exd5 5. Bf4 Nf6 6. e3 Bd6 7. Bg5 Be6 8. Bd3 Nbd7 9. Qc2 h6 10. Bh4 c6 11. f4 Nb6 12. Nf3 Qc7 13. Bxf6 gxf6 14. O-O O-O-O 15. Rab1 c5 16. Kh1 Kb8 17. a4 Rhe8 18. f5 cxd4 19. exd4 Bd7 20. a5 Nc8 21. b4 Ne7 22. Qb3 Rc8 23. Rfc1 Bxf5 24. Bxf5 Nxf5 25. Na2 Qd7 26. Qxd5 Ne3 27. Rxc8+ Rxc8 28. Qb3 Nc4 29. Nc3 f5 30. Na4 f4 31. Nc5 Bxc5 32. bxc5 Nxa5 33. Qb6 Nc6 34. Qxa6 Rc7 35. Qc4 f6 36. Ra1 Qf7 37. Qa4 Kc8 38. Qa8+ Nb8 39. Qa5 Re7 40. Qd2 Re3 41. d5 Qe7 42. Rc1 Qe4 43. Rd1 1/2-1/2

[Event "EWICC 2019"]
[Site "Antalya"]
[Date "2019.04.13"]
[Round "3.53"]
[White "Utiatskaja, Irina"]
[Black "Ferkova, Dominika"]
[Result "0-1"]
[WhiteElo "2210"]
[BlackElo "1993"]
[Annotator "NA RC"]
[PlyCount "83"]
[EventDate "2019.04.11"]
[EventType "swiss"]
[EventCountry "TUR"]
[SourceTitle "playchess.com"]
[Source "ChessBase"]
[SourceQuality "1"]

1. d4 d5 2. c4 e6 3. Nf3 Nf6 4. g3 Be7 5. Bg2 O-O 6. O-O dxc4 7. Ne5 c6 8. Nc3 Nd5 9. Nxc4 b5 10. Ne5 Bb7 11. a4 b4 12. Ne4 a5 13. Qb3 Qc7 14. Nd3 Nd7 15. Bg5 Bxg5 16. Nxg5 Qb6 17. e3 c5 18. dxc5 Nxc5 19. Nxc5 Qxc5 20. Qd3 g6 21. Rfc1 Qe7 22. h4 Rfd8 23. Qb5 Ba6 24. Qc5 Qf6 25. Qc2 Rac8 26. Qb3 Nb6 27. Ne4 Qe5 28. Rxc8 Rxc8 29. f4 Qg7 30. Nd6 Rd8 31. Rd1 Qf8 32. Ne4 Rxd1+ 33. Qxd1 Nd5 34. Qd4 Qg7 35. Qxg7+ Kxg7 36. Nc5 Be2 37. Kf2 Bd1 38. Bxd5 exd5 39. Ke1 Bc2 40. Kd2 Bf5 41. Nb7 Bd7 42. b3 0-1

[Event "EWICC 2019"]
[Site "Antalya"]
[Date "2019.04.13"]
[Round "3.54"]
[White "Ghukasyan, Siranush"]
[Black "Catal, Uktenur"]
[Result "1-0"]
[WhiteElo "2201"]
[BlackElo "1820"]
[Annotator "NA"]
[PlyCount "85"]
[EventDate "2019.04.11"]
[EventType "swiss"]
[EventCountry "TUR"]
[SourceTitle "playchess.com"]
[Source "ChessBase"]
[SourceQuality "1"]

1. e4 e6 2. d4 d5 3. Nc3 Nf6 4. e5 Nfd7 5. f4 c5 6. Nf3 Nc6 7. Be3 Be7 8. Be2 a6 9. O-O b5 10. Qd2 O-O 11. Nd1 cxd4 12. Nxd4 Nxd4 13. Bxd4 Bb7 14. Nf2 Rc8 15. c3 Bc5 16. Bd3 f6 17. exf6 Bxd4 18. cxd4 Nxf6 19. Qe3 Qd6 20. Rae1 Rfe8 21. Re2 Rc7 22. Rfe1 Bc8 23. Nh3 Qb6 24. Ng5 Ree7 25. Bb1 Rc4 26. Rd1 Rcc7 27. Qd3 h6 28. Nf3 Qd6 29. Ne5 Bb7 30. Qg6 Kf8 31. g4 Ne4 32. Bxe4 dxe4 33. Qh7 Rf7 34. Ng6+ Ke8 35. Qg8+ Rf8 36. Nxf8 Qxf8 37. Qxe6+ Re7 38. Qg6+ Kd7 39. f5 Qd8 40. d5 Qf8 41. d6 Re5 42. Rc2 Bc6 43. Rxc6 1-0

[Event "EWICC 2019"]
[Site "Antalya"]
[Date "2019.04.13"]
[Round "3.55"]
[White "Radeva, Viktoria"]
[Black "Demirtas, Hafize"]
[Result "0-1"]
[WhiteElo "2192"]
[BlackElo "1888"]
[Annotator "NA"]
[PlyCount "84"]
[EventDate "2019.04.11"]
[EventType "swiss"]
[EventCountry "TUR"]
[SourceTitle "playchess.com"]
[Source "ChessBase"]
[SourceQuality "1"]

1. Nf3 Nf6 2. c4 e6 3. e3 b6 4. b3 Bb7 5. Bb2 g6 6. g3 Bg7 7. Bg2 O-O 8. O-O d6 9. Nc3 Nbd7 10. d4 Re8 11. Qc2 Qe7 12. e4 e5 13. d5 Rf8 14. Ne1 Nh5 15. Bf3 Bc8 16. Bxh5 gxh5 17. Ng2 Nf6 18. Nh4 Ng4 19. Nf5 Bxf5 20. exf5 Bh6 21. Bc1 Bxc1 22. Raxc1 Kh8 23. Ne4 Rg8 24. Qe2 Nf6 25. Nxf6 Qxf6 26. Qxh5 Rg5 27. Qe2 Rxf5 28. Rc3 Rg8 29. Kg2 Qh6 30. Rh1 Rh5 31. Qe3 Qg7 32. Qf3 Rg5 33. h4 Rg4 34. Qf5 Rf4 35. Qc2 f5 36. Rf3 Rxf3 37. Kxf3 f4 38. Rh3 Qg4+ 39. Kg2 f3+ 40. Kh2 Qd4 41. Kg1 Qa1+ 42. Kh2 Qf1 0-1

[Event "EWICC 2019"]
[Site "Antalya"]
[Date "2019.04.13"]
[Round "3.56"]
[White "Radeva, Viktoria"]
[Black "Demirtas, Hafize"]
[Result "1-0"]
[WhiteElo "2192"]
[BlackElo "1888"]
[Annotator "TA"]
[PlyCount "82"]
[EventDate "2019.04.11"]
[EventType "swiss"]
[EventCountry "TUR"]
[SourceTitle "playchess.com"]
[Source "ChessBase"]
[SourceQuality "1"]

1. e4 c5 2. Nf3 Nc6 3. d4 cxd4 4. Nxd4 g6 5. c4 Nf6 6. Nc3 d6 7. Be2 Nxd4 8. Qxd4 Bg7 9. Be3 O-O 10. Qd2 Be6 11. f3 Qa5 12. Nb5 Qxd2+ 13. Kxd2 a6 14. Nd4 Rac8 15. Rac1 Rc7 16. b3 Nd7 17. Rhd1 Rfc8 18. Bf1 h6 19. g3 Nc5 20. Nxe6 Nxe6 21. Bh3 Rf8 22. Ke2 Ng5 23. Bg2 Ne6 24. f4 Nc5 25. Rd5 Rfc8 26. Kf3 Rc6 27. Rcd1 a5 28. Ke2 b6 29. e5 Bf8 30. exd6 exd6 31. f5 g5 32. h4 f6 33. hxg5 hxg5 34. R5d2 R6c7 35. Bd5+ Kh8 36. Bd4 Rh7 37. Bxf6+ Bg7 38. Bxg5 Bc3 39. Kf3 Rf8 40. Rc2 Be5 41. Kg4 Nd7 1-0

[Event "EWICC 2019"]
[Site "Antalya"]
[Date "2019.04.13"]
[Round "3.57"]
[White "Makka, Ioulia"]
[Black "Zimina, Olga"]
[Result "1/2-1/2"]
[WhiteElo "2121"]
[BlackElo "2377"]
[Annotator "NA"]
[PlyCount "72"]
[EventDate "2019.04.11"]
[EventType "swiss"]
[EventCountry "TUR"]
[SourceTitle "playchess.com"]
[Source "ChessBase"]
[SourceQuality "1"]

1. e4 e5 2. Nf3 Nc6 3. d4 exd4 4. Nxd4 Nf6 5. Nxc6 bxc6 6. Bd3 d5 7. exd5 cxd5 8. O-O Be7 9. h3 O-O 10. Nd2 Rb8 11. b3 Rb6 12. Bb2 c5 13. Bc3 Qd6 14. Nf3 Nh5 15. Be5 Qh6 16. Re1 Bd6 17. Qc1 Nf4 18. Qxf4 Qxf4 19. Bxf4 Bxf4 20. g3 Bd6 21. Bf1 Bf5 22. c3 h6 23. Rad1 Be6 24. Bg2 Rd8 25. h4 Be7 26. Kh2 Bf6 27. Ne5 d4 28. cxd4 cxd4 29. Bh3 Bxh3 30. Kxh3 Rb5 31. Ng4 Rf5 32. Nxf6+ Rxf6 33. Rd2 d3 34. Red1 Rfd6 35. Kg2 Kf8 36. Kf3 R8d7 1/2-1/2

[Event "EWICC 2019"]
[Site "Antalya"]
[Date "2019.04.13"]
[Round "3.58"]
[White "Nemcova, Karin"]
[Black "Mamedjarova, Zeinab"]
[Result "0-1"]
[WhiteElo "2066"]
[BlackElo "2280"]
[Annotator "NA"]
[PlyCount "64"]
[EventDate "2019.04.11"]
[EventType "swiss"]
[EventCountry "TUR"]
[SourceTitle "playchess.com"]
[Source "ChessBase"]
[SourceQuality "1"]

1. d4 Nf6 2. Nf3 g6 3. Nc3 d5 4. Bf4 Bg7 5. h3 O-O 6. e3 c5 7. Nb5 Ne8 8. c4 cxd4 9. exd4 Nc6 10. cxd5 Nb4 11. a3 Nxd5 12. Be5 Bh6 13. Bc4 Be6 14. Bxd5 Bxd5 15. Nc3 Bc4 16. Nh2 f6 17. Bg3 Qb6 18. Ng4 Bg5 19. b4 Rd8 20. Ne2 Qe6 21. Ne3 Bxe3 22. fxe3 Qxe3 23. Bf2 Qe4 24. Rg1 e5 25. Rc1 b5 26. Qc2 Bd3 27. Qa2+ Rf7 28. dxe5 Qxe5 29. Bc5 Nd6 30. Bd4 Qe4 31. Rc7 Bxe2 32. Rxf7 Bc4+ 0-1

[Event "EWICC 2019"]
[Site "Antalya"]
[Date "2019.04.13"]
[Round "3.59"]
[White "Nemcova, Karin"]
[Black "Mamedjarova, Zeinab"]
[Result "0-1"]
[WhiteElo "2066"]
[BlackElo "2280"]
[Annotator "TA"]
[PlyCount "90"]
[EventDate "2019.04.11"]
[EventType "swiss"]
[EventCountry "TUR"]
[SourceTitle "playchess.com"]
[Source "ChessBase"]
[SourceQuality "1"]

1. e4 d6 2. d4 Nd7 3. Nf3 c6 4. a4 e5 5. Bc4 Ngf6 6. Nc3 Be7 7. O-O O-O 8. Re1 a5 9. h3 exd4 10. Nxd4 Nc5 11. Bf4 Be6 12. Bxe6 fxe6 13. e5 Nd5 14. exd6 Bxd6 15. Bxd6 Qxd6 16. Ne4 Nxe4 17. Rxe4 Rf6 18. Qd2 Nf4 19. Nf3 Qc7 20. Ne5 Rd8 21. Qe1 Rd5 22. Qe3 b5 23. Re1 Rf5 24. Kh1 Ng6 25. Nxg6 hxg6 26. Rxe6 Kh7 27. Re7 Qd6 28. g4 Rf6 29. Qa7 Rd4 30. Rxg7+ Kh6 31. Rh7+ Kg5 32. Qg7 Qf8 33. h4+ Kxg4 34. Rg1+ Kf3 35. Qc7 Qd6 36. Qc8 Qd5 37. Qh3+ Ke2+ 38. Rg2 Rxf2 39. Re7+ Kf1 40. Re1+ Kxe1 41. Qe3+ Kd1 42. Qxf2 Rd2 43. Qxd2+ Qxd2 44. Rxd2+ Kxd2 45. b4 bxa4 0-1

[Event "EWICC 2019"]
[Site "Antalya"]
[Date "2019.04.13"]
[Round "3.60"]
[White "Chernyak, Viktoria"]
[Black "Olde, Margareth"]
[Result "1-0"]
[WhiteElo "2252"]
[BlackElo "2088"]
[Annotator "TA"]
[PlyCount "99"]
[EventDate "2019.04.11"]
[EventType "swiss"]
[EventCountry "TUR"]
[SourceTitle "playchess.com"]
[Source "ChessBase"]
[SourceQuality "1"]

1. c4 Nf6 2. Nf3 b6 3. g3 Bb7 4. Bg2 e6 5. O-O Be7 6. Nc3 O-O 7. Re1 d5 8. cxd5 exd5 9. d4 Na6 10. Bf4 c5 11. dxc5 bxc5 12. Rc1 Re8 13. b3 Nh5 14. Bd2 Nf6 15. Qc2 Nb4 16. Qb2 Ne4 17. a3 Nxd2 18. Qxd2 Na6 19. Red1 d4 20. Na4 Bc6 21. Qd3 Qa5 22. Ng5 Bxg5 23. Bxc6 Bxc1 24. Bxe8 Bxa3 25. Bxf7+ Kh8 26. Bc4 Nb4 27. Qf5 d3 28. exd3 Nc2 29. Bd5 Nd4 30. Qh5 Rf8 31. Be4 h6 32. Qg6 Kg8 33. Qh7+ Kf7 34. Bd5+ Kf6 35. Qe4 Bb4 36. Qf4+ Ke7 37. Qe5+ Kd8 38. Qxg7 Re8 39. Qxh6 Qc7 40. Qf6+ Kc8 41. Qf7 Re7 42. Qg8+ Kd7 43. Bg2 Be1 44. Qd5+ Ke8 45. Nxc5 Bxf2+ 46. Kxf2 Rf7+ 47. Kg1 Ne2+ 48. Kh1 Nxg3+ 49. hxg3 Qxg3 50. Qd6 1-0

[Event "EWICC 2019"]
[Site "Antalya"]
[Date "2019.04.13"]
[Round "3.61"]
[White "Teuschler, Barbara"]
[Black "Soyunlu, Narmin"]
[Result "0-1"]
[WhiteElo "2180"]
[BlackElo "2064"]
[Annotator "NA"]
[PlyCount "66"]
[EventDate "2019.04.11"]
[EventType "swiss"]
[EventCountry "TUR"]
[SourceTitle "playchess.com"]
[Source "ChessBase"]
[SourceQuality "1"]

1. Nf3 e6 2. c4 f5 3. g3 Nf6 4. Bg2 Be7 5. Nc3 d6 6. O-O e5 7. d3 O-O 8. d4 e4 9. Ne1 Qe8 10. Nc2 Nc6 11. f3 exf3 12. exf3 Qf7 13. d5 Ne5 14. b3 Bd7 15. Nd4 Kh8 16. Re1 Rae8 17. f4 Neg4 18. Ne6 Bxe6 19. dxe6 Qh5 20. h3 d5 21. Na4 c6 22. cxd5 cxd5 23. hxg4 Nxg4 24. Qf3 b5 25. Nb2 Bc5+ 26. Be3 Bxe3+ 27. Rxe3 Qh2+ 28. Kf1 Nxe3+ 29. Qxe3 d4 30. Qe5 Qxg3 31. e7 Rf7 32. Rc1 Rfxe7 33. Qxd4 Re1+ 0-1